000
00279nam a2200097Ia 4500
001
698708
005
20250826162056.0
008
250824s9999 xx 000 0 und d
245
0
_a
BİR ATIN HİKAYESİ (ANTİK OKUL KLASİKLERİ)
_c
MARK TWAIN
260
_b
ANTİK DÜNYA KLASİKLERİ
999
_c
698708
_d
698708